| 000 | 01763nam a2200421 a 4500 | ||
|---|---|---|---|
| 001 | ebr10363844 | ||
| 003 | CaPaEBR | ||
| 006 | m u | ||
| 007 | cr cn||||||||| | ||
| 008 | 080425s2008 ne sb 001 0 eng | ||
| 010 | _z 2008018901 | ||
| 015 |
_aGBA862332 _2bnb |
||
| 016 | 7 |
_z014602584 _2Uk |
|
| 020 | _z9789004167698 (hardback : alk. paper) | ||
| 020 | _z9004167692 (hardback : alk. paper) | ||
| 040 |
_aCaPaEBR _cCaPaEBR |
||
| 035 | _a(OCoLC)649523323 | ||
| 050 | 1 | 4 |
_aHN18.3 _b.W664 2008eb |
| 082 | 0 | 4 |
_a306.209172/4 _222 |
| 245 | 0 | 4 |
_aThe world and US social forums _h[electronic resource] : _ba better world is possible and necessary / _cedited by Judith Blau and Marina Karides. |
| 260 |
_aLeiden ; _aBoston : _bBrill, _c2008. |
||
| 300 | _aviii, 248 p. | ||
| 500 | _a"Originally published, in part, as Volume 3, No. 1 (2008) of Brill's journal Societies without borders"--P. [4] of cover. | ||
| 504 | _aIncludes bibliographical references and index. | ||
| 533 |
_aElectronic reproduction. _bPalo Alto, Calif. : _cebrary, _d2013. _nAvailable via World Wide Web. _nAccess may be limited to ebrary affiliated libraries. |
||
| 611 | 2 | 0 | _aWorld Social Forum. |
| 650 | 0 |
_aSocial movements _xInternational cooperation. |
|
| 650 | 0 |
_aAnti-globalization movement _xInternational cooperation. |
|
| 650 | 0 | _aInternational economic relations. | |
| 650 | 0 | _aDemocracy. | |
| 650 | 0 |
_aGlobalization _xSocial aspects. |
|
| 655 | 7 |
_aElectronic books. _2local |
|
| 700 | 1 |
_aBlau, Judith R., _d1942- |
|
| 700 | 1 | _aKarides, Marina. | |
| 710 | 2 | _aebrary, Inc. | |
| 730 | 0 | _aSocieties without borders. | |
| 856 | 4 | 0 |
_uhttp://site.ebrary.com/lib/rucke/Doc?id=10363844 _zAn electronic book accessible through the World Wide Web; click to view |
| 999 |
_c111097 _d111097 |
||